Music Quiz

Random Music or Rock Quiz

Which Wilbury? Quiz Stats

 Plays Quiz Updated Mar 8, 2018

Score 0/30 Timer 05:00
2 Plays Today
Song Wilbury % Correct
Like A Rolling Stone???
88.8%
Free Fallin'???
88.5%
Oh, Pretty Woman???
87.5%
Blowin' In the Wind???
87.2%
My Sweet Lord???
85.2%
I Won't Back Down???
84.1%
American Girl???
82.9%
Only the Lonely???
80.1%
Subterranean Homesick Blues???
79.2%
Runnin' Down A Dream???
78.2%
Crying???
77.3%
Lay Lady Lay???
76.8%
Don't Do Me Like That???
76.5%
Got My Mind Set On You???
76.3%
Give Me Love (Give Me Peace On Earth)???
74.7%
Song Wilbury % Correct
Into the Great Wide Open???
73.8%
Positively 4th Street???
71.9%
Evil Woman???
70.9%
When We Was Fab???
70%
Hurricane???
69.8%
Don't Bring Me Down???
65.5%
Livin' Thing???
62.4%
Dream Baby (How Long Must I Dream) ???
62.3%
Telephone Line???
62.3%
Mr. Blue Sky???
59.9%
All Those Years Ago???
58.2%
What Is Life???
54.9%
Can't Get It Out of My Head???
51.9%
In Dreams???
45.2%
California Blue???
23.4%

You're not logged in!

Compare scores with friends on all Sporcle quizzes.
Join for Free
OR
Log In

You Might Also Like...

Show Comments

Extras

Top Quizzes Today


Score Distribution

Your Account Isn't Verified!

In order to create a playlist on Sporcle, you need to verify the email address you used during registration. Go to your Sporcle Settings to finish the process.

Report this User

Report this user for behavior that violates our Community Guidelines.

Details: